000 00409nam a2200169Ia 4500
001 35643
003 IN-NITTTR
005 20251114233433.0
008 251113s9999||||xx |||||||||||||| ||eng||
040 _beng
040 _cIN-NITTTR
041 _aeng
082 _aTK5105.59 .N48 2014
100 _aPino, Robinson E.
245 0 _aNetwork Science and Cybersecurity /
_cPino, Robinson E.
942 _2ddc
_cBK
999 _c35299
_d35299